[Event "Superettan(SS 4 Springare-Kamraterna)"]
[Site "?"]
[Date "2022.10.16"]
[Round "3"]
[White "Olausson, Claes-Goran"]
[Black "Mattsson, Michael"]
[Result "1-0"]
[WhiteElo "2240"]
[BlackElo "2067"]
[PlyCount "61"]
[SourceVersionDate "2022.11.05"]

1. Nf3 Nf6 2. c4 e6 3. d4 b6 4. a3 Ba6 5. Qa4 Be7 6. Nc3 O-O 7. e4 d5 8. e5 Ne8
9. Be3 c6 10. cxd5 Bxf1 11. Kxf1 exd5 12. Rd1 f6 13. h4 Nc7 14. Rh3 Ne6 15. Ne2
Kh8 16. h5 a5 17. Kg1 Ra7 18. Qc2 f5 19. Qd2 Na6 20. Kh1 Rd7 21. Rg1 c5 22. g4
c4 23. gxf5 Rxf5 24. Nh2 Bh4 25. f4 Rdf7 26. Rg4 Rxh5 27. Ng3 Rh6 28. f5 Ng5
29. Rxg5 b5 30. Rg4 Bxg3 31. Bxh6 1-0

[Event "Superettan(Orebro-Rockaden, Sthlm II)"]
[Site "?"]
[Date "2022.10.16"]
[Round "3"]
[White "Zadruzny, Nicolaj"]
[Black "Blomstrom, Lars"]
[Result "1-0"]
[WhiteElo "2212"]
[BlackElo "2113"]
[PlyCount "139"]
[SourceVersionDate "2022.11.05"]

1. e4 e5 2. Nf3 Nc6 3. Bc4 Bc5 4. O-O Nf6 5. d3 d6 6. c3 Bb6 7. a4 a6 8. Re1
O-O 9. h3 Be6 10. Na3 d5 11. exd5 Nxd5 12. Qe2 f6 13. d4 Qd7 14. Ba2 Rae8 15.
c4 Ndb4 16. d5 Nxa2 17. Rxa2 Bxh3 18. dxc6 Qg4 19. Qf1 bxc6 20. Nh2 Qg6 21. Kh1
Bf5 22. Be3 Bd4 23. Bxd4 exd4 24. Rd1 c5 25. Raa1 Rb8 26. Rd2 Rb3 27. Qd1 Rfb8
28. Ra2 R3b4 29. Nf1 Qh6+ 30. Kg1 Bd7 31. Qe2 Re8 32. Qf3 Re5 33. Re2 Bc6 34.
Qxc6 Rxe2 35. Qd5+ Kf8 36. Qxc5+ Kf7 37. Qxd4 Re5 38. Ne3 Rh5 39. Qd7+ Kg6 40.
Qg4+ Kf7 41. Qd7+ Kg6 42. Qe8+ Kg5 43. Kf1 Rh1+ 44. Ke2 Qh5+ 45. Qxh5+ Kxh5 46.
Nac2 Rb3 47. Nd4 Rb8 48. Ne6 g5 49. Nxc7 a5 50. Ncd5 Kg6 51. Ne7+ Kf7 52. Nc6
Re8 53. g4 h5 54. gxh5 f5 55. Kf3 Re4 56. Nxf5 Rf4+ 57. Kg2 Rd1 58. Ne3 Rd2 59.
Ne5+ Ke6 60. Nf3 Rd8 61. Nxg5+ Ke5 62. Nh3 Rg8+ 63. Kh2 Rh4 64. f3 Rxh5 65.
Ng4+ Kf5 66. Kg3 Rb8 67. Nhf2 Rb3 68. Ra3 Rxb2 69. Re3 Kg6 70. Nd3 1-0

[Event "Superettan(Orgryte-Vasteras II)"]
[Site "?"]
[Date "2022.10.16"]
[Round "3"]
[White "Ivebrink, Pontus"]
[Black "Arnelind, Mikael"]
[Result "0-1"]
[WhiteElo "1635"]
[BlackElo "2197"]
[PlyCount "58"]
[SourceVersionDate "2022.11.03"]

1. e4 e6 2. d4 d5 3. e5 c5 4. c3 Nc6 5. Nf3 Qb6 6. Bd3 cxd4 7. cxd4 Bd7 8. O-O
Nxd4 9. Nbd2 Nc6 10. Nb3 Nge7 11. Be3 Qc7 12. Rc1 Ng6 13. Re1 Ngxe5 14. Nxe5
Qxe5 15. Bc5 Qf6 16. Qh5 Be7 17. Bxe7 Qxe7 18. f4 Rc8 19. a3 h6 20. Rc5 O-O 21.
f5 Qg5 22. Qf3 exf5 23. Rxd5 Be6 24. Rb5 Bxb3 25. Bxf5 Qd2 26. Re2 Qd1+ 27. Kf2
Be6 28. Rxb7 Bxf5 29. Qxf5 Qxe2+ 0-1

[Event "Superettan(SS 4 Springare-Kamraterna)"]
[Site "?"]
[Date "2022.10.16"]
[Round "3"]
[White "Jakenberg, Jussi"]
[Black "Svenn, Matti"]
[Result "1/2-1/2"]
[WhiteElo "2114"]
[BlackElo "2185"]
[PlyCount "100"]
[SourceVersionDate "2022.11.05"]

1. d4 e6 2. Nf3 d5 3. g3 c5 4. Bg2 Nc6 5. O-O Nf6 6. c4 dxc4 7. dxc5 Qxd1 8.
Rxd1 Bxc5 9. Nbd2 c3 10. bxc3 O-O 11. Nb3 Be7 12. Nfd4 Bd7 13. a4 Rfd8 14. Nb5
Be8 15. Ba3 Bxa3 16. Nxa3 Kf8 17. Nb5 Ke7 18. Nc7 Rxd1+ 19. Rxd1 Rc8 20. Nxe8
Nxe8 21. Kf1 Nd6 22. Ke1 Nc4 23. Nc5 b6 24. Bxc6 Rxc6 25. Nd3 Nd6 26. Rc1 Rc4
27. Nb2 Rc5 28. f3 h5 29. Kd2 h4 30. e4 hxg3 31. hxg3 Rg5 32. Rg1 Rh5 33. Rg2
Rh1 34. Rf2 g5 35. g4 Nb7 36. Re2 Nc5 37. Re1 Rxe1 38. Kxe1 f5 39. exf5 exf5
40. gxf5 Kf6 41. Ke2 Kxf5 42. Ke3 Ke5 43. Nd3+ Nxd3 44. Kxd3 Kd5 45. c4+ Ke5
46. Ke3 Kf5 47. Kd3 Kf4 48. Ke2 Ke5 49. Ke3 Kf5 50. Kd3 Kf4 1/2-1/2

[Event "Superettan(Orebro-Rockaden, Sthlm II)"]
[Site "?"]
[Date "2022.10.16"]
[Round "3"]
[White "Jonsson, Krister"]
[Black "Nikolic, Vladan"]
[Result "0-1"]
[WhiteElo "2011"]
[BlackElo "2186"]
[PlyCount "74"]
[SourceVersionDate "2022.11.05"]

1. d4 Nf6 2. c4 e6 3. Nf3 c5 4. Nc3 cxd4 5. Nxd4 Nc6 6. e4 Bb4 7. Nxc6 bxc6 8.
Bd3 e5 9. O-O d6 10. Qc2 Bc5 11. Rb1 a5 12. a3 Rb8 13. Na4 Bd4 14. b4 axb4 15.
axb4 Be6 16. Bb2 Rxb4 17. Bxd4 Rxb1 18. Rxb1 exd4 19. Rb6 c5 20. Qb1 O-O 21. e5
dxe5 22. Nxc5 Bc8 23. h3 g6 24. g4 Kg7 25. Qb5 Qe7 26. Be4 Rd8 27. Nb7 Rd7 28.
Nc5 Rc7 29. Rc6 Rxc6 30. Bxc6 Qd6 31. Ne4 Nxe4 32. Bxe4 f5 33. c5 Qd8 34. Bc2
fxg4 35. c6 gxh3 36. Qxe5+ Kh6 37. f4 Qh4 0-1

[Event "Superettan(Orgryte-Vasteras II)"]
[Site "?"]
[Date "2022.10.16"]
[Round "3"]
[White "Kumar, Rahul"]
[Black "Makrai Andersson, Marcus"]
[Result "1-0"]
[WhiteElo "2206"]
[BlackElo "1587"]
[PlyCount "61"]
[SourceVersionDate "2022.11.03"]

1. Nf3 Nf6 2. c3 g6 3. d4 Bg7 4. Bf4 d6 5. h3 O-O 6. e3 Nbd7 7. Be2 c5 8. O-O
a6 9. a4 Rb8 10. Na3 b5 11. axb5 axb5 12. Nxb5 Bb7 13. c4 Qb6 14. Qd2 Ra8 15.
b4 Nb8 16. bxc5 dxc5 17. Bc7 Qe6 18. d5 Qc8 19. Rxa8 Bxa8 20. Qa5 Na6 21. Bf4
Nb4 22. Qa7 Qb7 23. Qxc5 Nbxd5 24. cxd5 Nxd5 25. Rc1 Nxf4 26. exf4 Qe4 27. Qe3
Qb4 28. Nbd4 Rd8 29. Nc6 Bxc6 30. Rxc6 Bh6 31. g3 1-0

[Event "Superettan(SS 4 Springare-Kamraterna)"]
[Site "?"]
[Date "2022.10.16"]
[Round "3"]
[White "Borvander, Tom"]
[Black "Horta, Hector"]
[Result "1-0"]
[WhiteElo "2098"]
[BlackElo "1858"]
[PlyCount "71"]
[SourceVersionDate "2022.11.05"]

1. d4 g6 2. c4 Bg7 3. Nf3 c5 4. d5 Nf6 5. Nc3 d6 6. g3 e6 7. Bg2 exd5 8. cxd5
O-O 9. O-O Bd7 10. Bf4 Qe7 11. a4 Na6 12. Re1 Nh5 13. Bg5 Bf6 14. Bxf6 Qxf6 15.
Nd2 Rfe8 16. Nce4 Qe7 17. Nc4 Red8 18. Nexd6 Bc8 19. Nb5 Ng7 20. e4 Nb4 21. b3
Ne8 22. Qd2 Qf8 23. Qc3 Qg7 24. Re2 Qxc3 25. Nxc3 f6 26. Rd2 Nd6 27. f4 Nxc4
28. bxc4 Nc6 29. Rb2 Na5 30. Bf1 b6 31. Re1 Rb8 32. e5 fxe5 33. fxe5 Bf5 34. e6
Nb7 35. Nb5 Nd6 36. e7 1-0

[Event "Superettan(Orebro-Rockaden, Sthlm II)"]
[Site "?"]
[Date "2022.10.16"]
[Round "3"]
[White "Ekenberg, Ulf"]
[Black "Skoog, Daniel"]
[Result "0-1"]
[WhiteElo "2010"]
[BlackElo "2017"]
[PlyCount "78"]
[SourceVersionDate "2022.11.05"]

1. e4 c6 2. d4 d5 3. exd5 cxd5 4. c4 Nf6 5. Nc3 Nc6 6. Bg5 dxc4 7. Bxc4 h6 8.
Bxf6 exf6 9. Nge2 Bd6 10. d5 Ne5 11. Bb5+ Nd7 12. O-O O-O 13. Nd4 Nb6 14. Qb3
a6 15. Be2 Bd7 16. a4 Rb8 17. Rfd1 Re8 18. a5 Nc8 19. Bf3 Be5 20. Ne4 f5 21.
Ng3 Nd6 22. Qd3 Qh4 23. Nf1 Rbc8 24. g3 Qf6 25. Ne3 g6 26. Rab1 h5 27. Kg2 f4
28. Nec2 fxg3 29. hxg3 h4 30. Rf1 Qg5 31. Be2 hxg3 32. fxg3 Nf5 33. Nxf5 Bxf5
34. Rxf5 gxf5 35. Rh1 Bxg3 36. Rh5 Qg6 37. Nd4 Be5+ 38. Kf2 Bxd4+ 39. Qxd4
Rxe2+ 0-1

[Event "Superettan(Orgryte-Vasteras II)"]
[Site "?"]
[Date "2022.10.16"]
[Round "3"]
[White "Friebe, Rasmus"]
[Black "Troberg Eskola, Love"]
[Result "0-1"]
[WhiteElo "1420"]
[BlackElo "2027"]
[PlyCount "48"]
[SourceVersionDate "2022.11.03"]

1. e4 c6 2. d4 d5 3. e5 Bf5 4. g4 Be4 5. f3 Bg6 6. h4 h5 7. Bd3 Bxd3 8. Qxd3 e6
9. g5 Qa5+ 10. Bd2 Qa6 11. Qxa6 Nxa6 12. Ne2 c5 13. c3 Rc8 14. Nf4 cxd4 15. g6
dxc3 16. gxf7+ Kxf7 17. Nxc3 Nb4 18. Rc1 Nh6 19. a3 Nc6 20. Nb5 Nf5 21. Nd3 a6
22. Nc3 Ncd4 23. Kf2 Nb3 24. Rc2 d4 0-1

[Event "Superettan(SS 4 Springare-Kamraterna)"]
[Site "?"]
[Date "2022.10.16"]
[Round "3"]
[White "Religa, Marek"]
[Black "Madebrink, Lars"]
[Result "0-1"]
[WhiteElo "1748"]
[BlackElo "2095"]
[PlyCount "86"]
[SourceVersionDate "2022.11.05"]

1. e4 c5 2. c4 Nc6 3. Nc3 g6 4. g3 Bg7 5. Bg2 d6 6. Nge2 h5 7. h3 Bd7 8. d3 a6
9. a3 Rb8 10. Rb1 b5 11. cxb5 axb5 12. b4 cxb4 13. axb4 Qc8 14. Qd2 Nd4 15.
Nxd4 Bxd4 16. Ne2 Bg7 17. Bb2 Nf6 18. Rc1 Qd8 19. O-O O-O 20. f4 e6 21. Kh2 Rc8
22. e5 dxe5 23. Bxe5 Qb6 24. Qb2 Ne8 25. Rxc8 Bxc8 26. Rc1 Bxe5 27. Qxe5 Bb7
28. Bxb7 Qxb7 29. Nd4 Ng7 30. Qxb5 Qa7 31. Qc5 Qa3 32. Rc3 Qa1 33. Rc1 Qb2+ 34.
Rc2 Qb1 35. Qc3 Ra8 36. Rb2 Qf1 37. Qc2 h4 38. Qg2 hxg3+ 39. Qxg3 Ra1 40. Qg2
Qxf4+ 41. Qg3 Qxd4 42. Qf2 Qd5 43. Kg3 Qxd3+ 0-1

[Event "Superettan(Burgsvik-Upsala)"]
[Site "?"]
[Date "2022.10.16"]
[Round "3"]
[White "Johansson, Jan"]
[Black "Persson, Mats"]
[Result "1/2-1/2"]
[WhiteElo "2307"]
[BlackElo "2321"]
[PlyCount "40"]
[SourceVersionDate "2022.11.03"]

1. d4 Nf6 2. Nf3 d5 3. c4 e6 4. Nc3 c6 5. e3 Nbd7 6. b3 Bd6 7. Be2 O-O 8. Qc2
b6 9. O-O Bb7 10. e4 dxe4 11. Nxe4 Nxe4 12. Qxe4 Re8 13. Bb2 Qc7 14. Qh4 Be7
15. Qh3 Bf6 16. Rad1 c5 17. Bc1 Rad8 18. Bd3 Nf8 19. dxc5 Qxc5 20. Qg4 Qa5
1/2-1/2

[Event "Superettan(Lulea-Vaxjo)"]
[Site "?"]
[Date "2022.10.16"]
[Round "3"]
[White "Solodovnichenko, Yuri"]
[Black "Wulkan, Martin"]
[Result "1-0"]
[WhiteElo "2518"]
[BlackElo "2262"]
[PlyCount "81"]
[SourceVersionDate "2022.11.05"]

1. e4 e5 2. Nf3 Nc6 3. Bb5 a6 4. Ba4 d6 5. c4 Bg4 6. Nc3 Nf6 7. h3 Bxf3 8. Qxf3
Be7 9. Ne2 O-O 10. O-O Nd7 11. Bxc6 bxc6 12. d4 Bg5 13. Rd1 c5 14. dxc5 Nxc5
15. b4 Ne6 16. c5 Qb8 17. cxd6 cxd6 18. Bxg5 Nxg5 19. Qe3 Ne6 20. Rab1 Ra7 21.
a3 Rb7 22. Rd5 Rb6 23. Rbd1 g6 24. Qd3 Rd8 25. g3 Rc6 26. Kg2 Qc7 27. Rd2 Qb6
28. h4 h5 29. Kf1 f6 30. f4 Kg7 31. Qf3 exf4 32. gxf4 Nc7 33. R5d3 Ne6 34. f5
Nf8 35. Kg2 Re8 36. Ng3 Re5 37. Nxh5+ Kh6 38. Nxf6 Rc1 39. Rf2 Qd8 40. Ng4+ Kg7
41. f6+ 1-0

[Event "Superettan(Kamraterna-Burgsvik)"]
[Site "?"]
[Date "2022.10.15"]
[Round "2"]
[White "Madebrink, Lars"]
[Black "Tuvesson, Mats"]
[Result "1/2-1/2"]
[WhiteElo "2095"]
[BlackElo "2046"]
[PlyCount "106"]
[SourceVersionDate "2022.11.02"]

1. d4 Nf6 2. c4 c5 3. Nf3 cxd4 4. Nxd4 g6 5. Nc3 Bg7 6. e4 d6 7. Be2 O-O 8. O-O
Nc6 9. Nc2 a6 10. Rb1 Bd7 11. Be3 Qc7 12. f3 Ne5 13. Na3 Be6 14. Nd5 Bxd5 15.
exd5 Rac8 16. Qd2 Ned7 17. Rbc1 e5 18. dxe6 fxe6 19. Rfd1 Ne8 20. c5 d5 21. b4
Ne5 22. f4 Nc6 23. Bg4 Qf7 24. Nc2 Rd8 25. Nd4 Nxd4 26. Bxd4 h5 27. Bh3 Nf6 28.
c6 Ng4 29. cxb7 Qxb7 30. Bc5 Rf5 31. Qe2 Qf7 32. g3 d4 33. Bb6 Rd7 34. Qxa6 g5
35. fxg5 Rxg5 36. Qa8+ Kh7 37. Qe4+ Kh6 38. Rf1 Qg6 39. Qxg6+ Rxg6 40. Bxg4
hxg4 41. a4 e5 42. a5 e4 43. Bc7 e3 44. b5 Rxc7 45. Rxc7 e2 46. Re1 d3 47. Rd7
Bc3 48. Rxd3 Bxe1 49. Re3 Bxa5 50. Rxe2 Rd6 51. Kg2 Rd5 52. Rb2 Bb6 53. h3
gxh3+ 1/2-1/2

[Event "Superettan(SS 4 Springare-Vaxjo)"]
[Site "?"]
[Date "2022.10.15"]
[Round "2"]
[White "Hillarp, Tiger"]
[Black "Galperin, Platon"]
[Result "1-0"]
[WhiteElo "2511"]
[BlackElo "2526"]
[PlyCount "69"]
[SourceVersionDate "2022.11.02"]

1. d4 Nf6 2. c4 e6 3. Nc3 Bb4 4. Qc2 d5 5. a3 Bxc3+ 6. Qxc3 O-O 7. Nf3 dxc4 8.
Qxc4 b6 9. h4 Ba6 10. Qc2 Nbd7 11. h5 h6 12. Qc6 Qc8 13. Bf4 Bb7 14. Qc1 Kh7
15. Qxc7 Qxc7 16. Bxc7 Rfc8 17. Bf4 Rc2 18. b4 a5 19. b5 Rac8 20. Ne5 Nxe5 21.
Bxe5 Rc1+ 22. Rxc1 Rxc1+ 23. Kd2 Ra1 24. f3 Rxa3 25. e4 Ra1 26. Kc2 Nd7 27. Bf4
Ra2+ 28. Kb3 Ra1 29. Bd2 a4+ 30. Kb2 Rd1 31. Bc3 e5 32. d5 Nc5 33. Kc2 Rd4 34.
Bxd4 exd4 35. Bc4 1-0

[Event "Superettan(Rockaden,Sthlm II-Orgryte)"]
[Site "?"]
[Date "2022.10.15"]
[Round "2"]
[White "Vitenberg, Noam Aviv"]
[Black "Bator, Robert"]
[Result "0-1"]
[WhiteElo "2337"]
[BlackElo "2353"]
[PlyCount "66"]
[SourceVersionDate "2022.11.02"]

1. d4 d5 2. c4 e6 3. Nc3 a6 4. cxd5 exd5 5. Qb3 Nf6 6. Bg5 c6 7. e4 dxe4 8. Bc4
Qe7 9. a4 h6 10. Bxf6 gxf6 11. Nge2 f5 12. O-O Bg7 13. Rfd1 Nd7 14. Nf4 Rb8 15.
a5 h5 16. Na4 h4 17. Ra3 Bh6 18. Ne2 f4 19. Re1 Rg8 20. Nec3 e3 21. Ne4 Rxg2+
22. Kxg2 Qxe4+ 23. Kg1 h3 24. Bf1 Qg6+ 25. Kh1 Qe4+ 26. Kg1 Ne5 27. fxe3 Nf3+
28. Kf2 Nxe1 29. Kxe1 fxe3 30. Qd3 Qf4 31. Nc3 Bf5 32. Qc4 Qf2+ 33. Kd1 Qd2#
0-1

[Event "Superettan(SS 4 Springare-Vaxjo)"]
[Site "?"]
[Date "2022.10.15"]
[Round "2"]
[White "Peng, Li Min"]
[Black "Solodovnichenko, Yuri"]
[Result "1/2-1/2"]
[WhiteElo "2502"]
[BlackElo "2518"]
[PlyCount "43"]
[SourceVersionDate "2022.11.02"]

1. d4 Nf6 2. c4 e6 3. Nc3 d5 4. cxd5 exd5 5. Bg5 c6 6. e3 h6 7. Bh4 Be7 8. Bd3
O-O 9. Nge2 Re8 10. O-O Nh5 11. Bxe7 Qxe7 12. Qd2 Nd7 13. Rae1 Nf8 14. Nd1 Bd7
15. f3 c5 16. dxc5 Qxc5 17. Nd4 Ne6 18. Nxe6 Rxe6 19. Bf5 Re7 20. Bxd7 Rxd7 21.
Nc3 Re8 22. Qd4 1/2-1/2

[Event "Superettan(Orebro-Upsala)"]
[Site "?"]
[Date "2022.10.15"]
[Round "2"]
[White "Wagner, Stephan"]
[Black "Nygren, Kim"]
[Result "1-0"]
[WhiteElo "2243"]
[BlackElo "2227"]
[PlyCount "79"]
[EventDate "2022.??.??"]
[SourceVersionDate "2022.11.01"]

1. c4 e5 2. Nc3 Nc6 3. Nf3 f5 4. g3 Nf6 5. d4 e4 6. Nh4 d5 7. Bg5 Bb4 8. e3 O-O
9. Ng2 Ne7 10. Qb3 Bxc3+ 11. bxc3 c6 12. h4 dxc4 13. Bxc4+ Kh8 14. Nf4 c5 15.
h5 Qe8 16. d5 Neg8 17. d6 Nh6 18. Bxf6 gxf6 19. Rd1 Rb8 20. Qb5 Bd7 21. Qxc5 b5
22. Be2 a5 23. Nd5 Qe5 24. Qc7 Be6 25. d7 Nf7 26. O-O Rfd8 27. Qxe5 Nxe5 28.
Nxf6 Nxd7 29. Nxd7 Rxd7 30. Rxd7 Bxd7 31. h6 Kg8 32. Rd1 Be6 33. a3 Kf7 34. Rd6
b4 35. cxb4 axb4 36. axb4 Rxb4 37. Ra6 Rb2 38. Bh5+ Kf6 39. g4 Ke5 40. Ra7 1-0

[Event "Superettan(Rockaden,Sthlm II-Orgryte)"]
[Site "?"]
[Date "2022.10.15"]
[Round "2"]
[White "Eriksson, Dan"]
[Black "Torngren, Gustav"]
[Result "1/2-1/2"]
[WhiteElo "2269"]
[BlackElo "2235"]
[PlyCount "39"]
[SourceVersionDate "2022.11.02"]

1. e4 e5 2. Nf3 Nc6 3. d4 exd4 4. Nxd4 Bc5 5. Be3 Bb6 6. g3 d5 7. Nc3 Nf6 8.
Nxc6 bxc6 9. Bxb6 axb6 10. Bg2 Ba6 11. Qd2 d4 12. O-O-O c5 13. e5 Nd7 14. Bxa8
Qxa8 15. Rhe1 O-O 16. Ne4 Nxe5 17. Nf6+ gxf6 18. Rxe5 fxe5 19. Qg5+ Kh8 20.
Qf6+ 1/2-1/2

[Event "Superettan(SS 4 Springare-Vaxjo)"]
[Site "?"]
[Date "2022.10.15"]
[Round "2"]
[White "Lindberg, Bengt"]
[Black "Poley, Vladimir"]
[Result "1/2-1/2"]
[WhiteElo "2370"]
[BlackElo "2313"]
[PlyCount "144"]
[SourceVersionDate "2022.11.02"]

1. e4 g6 2. d4 Bg7 3. Nc3 c6 4. Nf3 d5 5. h3 Nh6 6. Bf4 Qb6 7. Qc1 dxe4 8. Nxe4
Nf5 9. c3 O-O 10. Bc4 Nd7 11. O-O Nf6 12. Nxf6+ Bxf6 13. Re1 c5 14. d5 Nd6 15.
Bf1 Bf5 16. Nd2 Rfe8 17. a4 e5 18. Be3 Qc7 19. Nc4 Bd7 20. Bg5 Bg7 21. Bh6 Bh8
22. Nxd6 Qxd6 23. Qd2 f5 24. f3 Bf6 25. Bg5 Bxg5 26. Qxg5 Kg7 27. Qd2 c4 28.
Qe3 Rac8 29. Qxa7 Rc7 30. Qf2 Qxd5 31. Red1 Qe6 32. a5 Re7 33. Rd2 Be8 34. Rad1
Rc6 35. Rd5 Rd7 36. Rxd7+ Bxd7 37. Qa7 Bc8 38. Qb8 Qe7 39. Kh1 Qc5 40. Ra1 Qe3
41. Rd1 Kh6 42. Rd8 Qc5 43. Kh2 f4 44. Rd2 Qxa5 45. Re2 Rc7 46. Re4 Rc5 47.
Bxc4 Qc7 48. Qxc7 Rxc7 49. Bd5 Re7 50. Rb4 Kg5 51. c4 Kh4 52. Rb6 Rc7 53. b4
Re7 54. b5 Rc7 55. Rd6 Bf5 56. b6 Rc5 57. Rd8 Ra5 58. Be4 Bxe4 59. fxe4 Ra2 60.
Rf8 Rc2 61. Rf7 h5 62. c5 Rxc5 63. Rxb7 Rb5 64. Re7 Rxb6 65. Rxe5 Rb2 66. Kg1
f3 67. gxf3 Kg3 68. Rg5+ Kxf3 69. Rxg6 Rb1+ 70. Kh2 Rb2+ 71. Kg1 Rb1+ 72. Kh2
Rb2+ 1/2-1/2

[Event "Superettan(Orebro-Upsala)"]
[Site "?"]
[Date "2022.10.15"]
[Round "2"]
[White "Lundin, Jan"]
[Black "Burwick, Malte"]
[Result "1-0"]
[WhiteElo "2199"]
[BlackElo "2225"]
[PlyCount "69"]
[EventDate "2022.??.??"]
[SourceVersionDate "2022.11.01"]

1. d4 g6 2. c4 Bg7 3. Nc3 d6 4. h4 h5 5. Nf3 Nf6 6. Ng5 d5 7. cxd5 Nxd5 8. Qb3
e6 9. e4 Nf6 10. Bf4 c6 11. Rd1 Qe7 12. Be2 Nbd7 13. O-O O-O 14. Nf3 e5 15.
Nxe5 Nxe5 16. Bxe5 Nh7 17. Bxg7 Kxg7 18. g3 g5 19. Qa3 Qxa3 20. bxa3 gxh4 21.
gxh4 f5 22. e5 Be6 23. f4 Kh6 24. Kf2 Rfd8 25. Rg1 Rd7 26. Ke3 Re8 27. Bf3 Bd5
28. Nxd5 cxd5 29. Rc1 Re6 30. Rc5 Nf6 31. Rg5 Ne4 32. Rxh5+ Kg6 33. Bxe4 fxe4
34. f5+ Kxh5 35. fxe6 1-0

[Event "Superettan(Rockaden,Sthlm II-Orgryte)"]
[Site "?"]
[Date "2022.10.15"]
[Round "2"]
[White "Frisk Kockum, Anton"]
[Black "Crevatin, Leo"]
[Result "1-0"]
[WhiteElo "2328"]
[BlackElo "2312"]
[PlyCount "153"]
[SourceVersionDate "2022.11.02"]

1. d4 d5 2. c4 e6 3. Nf3 a6 4. cxd5 exd5 5. Bf4 Nf6 6. e3 Bd6 7. Bxd6 Qxd6 8.
Bd3 O-O 9. O-O Bg4 10. Nbd2 Nbd7 11. Qb1 Bxf3 12. Nxf3 a5 13. a3 a4 14. Qc2 c6
15. Nh4 Rfe8 16. Nf5 Qf8 17. Rae1 g6 18. Ng3 Qd6 19. f3 c5 20. dxc5 Qxc5 21.
Qxc5 Nxc5 22. Bc2 Ra6 23. Re2 Rb6 24. Bb1 Nb3 25. Rd1 h5 26. h4 Rc6 27. Bc2 Nc5
28. Rd4 b5 29. Rb4 Rb6 30. Kf2 Na6 31. Rd4 Nb8 32. Rd1 Nc6 33. Bb1 Ne5 34. Ba2
Nc4 35. Rd4 Rbe6 36. Bxc4 dxc4 37. e4 R6e7 38. Red2 Rc7 39. Ne2 Kg7 40. Nc3 Rb7
41. Na2 Nh7 42. Nb4 Nf8 43. g3 Rc7 44. Nd5 Rb7 45. Nc3 b4 46. axb4 Rxb4 47. Nd5
Rb3 48. Rxc4 Reb8 49. Rxa4 Rxb2 50. Ra2 Rxd2+ 51. Rxd2 Ne6 52. f4 Nc5 53. Kf3
Rb3+ 54. Ne3 Na4 55. e5 Nc5 56. Rc2 Ne6 57. Ke4 Rb4+ 58. Rc4 Rxc4+ 59. Nxc4
Nc5+ 60. Kd5 Nd3 61. Nd2 Nf2 62. Ne4 Ng4 63. Kd6 Ne3 64. Ke7 Nf5+ 65. Ke8 Kg8
66. Nd6 Nh6 67. Ke7 Kg7 68. Nxf7 Nxf7 69. e6 Nh6 70. Kd8 Ng8 71. e7 Nf6 72.
e8=Q Nxe8 73. Kxe8 Kf6 74. Kf8 Kf5 75. Kf7 Kg4 76. Kxg6 Kxg3 77. Kg5 1-0

[Event "Superettan(SS 4 Springare-Vaxjo)"]
[Site "?"]
[Date "2022.10.15"]
[Round "2"]
[White "Kassani, Sam"]
[Black "Olofsson-Dolk, Mattis"]
[Result "1-0"]
[WhiteElo "2173"]
[BlackElo "2216"]
[PlyCount "187"]
[EventDate "2022.??.??"]
[SourceVersionDate "2022.11.02"]

1. Nf3 c5 2. e4 d6 3. d3 Nf6 4. g3 e6 5. Bg2 Be7 6. O-O O-O 7. Re1 Qc7 8. Nbd2
Nbd7 9. h3 Re8 10. g4 Nf8 11. Nf1 b5 12. a4 b4 13. b3 Bb7 14. Ng3 d5 15. g5
N6d7 16. Bb2 Ng6 17. Nh5 d4 18. Bc1 Bd6 19. Nd2 Bh2+ 20. Kf1 Bf4 21. Nc4 Bxc1
22. Rxc1 e5 23. h4 Nxh4 24. Qg4 Ng6 25. Ke2 Ndf8 26. Rh1 Ne6 27. Kd2 Qe7 28.
Rhg1 Nxg5 29. Bf1 Ne6 30. Be2 Ba6 31. Rg3 Bxc4 32. dxc4 h6 33. Qf3 Ng5 34. Qh1
Nf4 35. Bd3 Nxh5 36. Qxh5 Qf6 37. Ke2 Ne6 38. Qh2 Nf4+ 39. Kd2 Kf8 40. Rcg1 Ng6
41. Qg2 Nh4 42. Qh3 Qf4+ 43. Kd1 g5 44. Be2 Rad8 45. Rg4 Qf6 46. R4g3 Ke7 47.
Bh5 Kd6 48. Rg4 Kc7 49. R1g3 Re7 50. Ke2 Qe6 51. Rxh4 gxh4 52. Qxh4 Qd6 53. Rf3
f5 54. Rg3 f4 55. Rg6 d3+ 56. Kf3 Qd7 57. cxd3 Qxd3+ 58. Kg2 Qxe4+ 59. Kh2 Red7
60. Qf6 Rd6 61. Rg7+ R8d7 62. Rxd7+ Rxd7 63. Bg4 Qc6 64. Qf8 Qd6 65. Qa8 Qb6
66. a5 Qa6 67. Bxd7 Kxd7 68. Qd5+ Qd6 69. Qb7+ Qc7 70. Qd5+ Ke7 71. a6 Kf6 72.
Qb7 Qf7 73. Qc6+ Kg5 74. Qxc5 Qh5+ 75. Kg1 Qg4+ 76. Kf1 Kh4 77. Qxe5 Kh3 78.
Qd4 Qf5 79. Ke2 f3+ 80. Ke3 Kg2 81. Qd5 Qg5+ 82. Qxg5+ hxg5 83. c5 g4 84. c6 g3
85. c7 gxf2 86. c8=Q f1=Q 87. Qg4+ Kh2 88. Qxf3 Qc1+ 89. Kf2 Qc5+ 90. Ke2 Qc2+
91. Kf1 Qb1+ 92. Kf2 Qa2+ 93. Qe2 Qxb3 94. Qe5+ 1-0

[Event "Superettan(Orebro-Upsala)"]
[Site "?"]
[Date "2022.10.15"]
[Round "2"]
[White "Sirin, Atakan"]
[Black "Gruvaeus, Curt"]
[Result "1-0"]
[WhiteElo "2336"]
[BlackElo "2231"]
[PlyCount "55"]
[EventDate "2022.??.??"]
[SourceVersionDate "2022.11.01"]

1. d4 Nf6 2. Nc3 c5 3. d5 d6 4. e4 g6 5. Nf3 Bg7 6. Bb5+ Nbd7 7. a4 O-O 8. O-O
a6 9. Be2 Rb8 10. Re1 Ne8 11. Bg5 Nc7 12. Qc1 b5 13. axb5 axb5 14. Bh6 b4 15.
Nd1 Nb6 16. Bxg7 Kxg7 17. Ne3 Bd7 18. c3 bxc3 19. Qxc3+ Kg8 20. b3 Ra8 21. h4
h5 22. Red1 Qc8 23. Qd2 Kg7 24. b4 Na4 25. e5 Bb5 26. exd6 exd6 27. bxc5 Nxc5
28. Bxb5 1-0

[Event "Superettan(Rockaden,Sthlm II-Orgryte)"]
[Site "?"]
[Date "2022.10.15"]
[Round "2"]
[White "Bryntze, Stefan"]
[Black "Olsson, William"]
[Result "0-1"]
[WhiteElo "2236"]
[BlackElo "2288"]
[PlyCount "134"]
[SourceVersionDate "2022.11.02"]

1. f4 d5 2. e3 g6 3. Nf3 Bg7 4. d4 Nf6 5. Bd3 c5 6. c3 Qc7 7. O-O O-O 8. Qe2 b6
9. Bd2 Bb7 10. Be1 Ne4 11. Nbd2 Nd7 12. Bh4 Ndf6 13. Rac1 c4 14. Bb1 b5 15.
Bxf6 exf6 16. f5 Nd6 17. Qf2 Rae8 18. Rce1 Qd7 19. Nh4 Re7 20. Qg3 Rfe8 21.
fxg6 fxg6 22. Nxg6 hxg6 23. Qxg6 Qe6 24. Qh7+ Kf8 25. Bg6 Qg8 26. Qh4 Nf7 27.
Nf3 Qh8 28. Qg3 Qh6 29. Bxf7 Rxf7 30. Nh4 Bc8 31. Ng6+ Kg8 32. Nf4 Bb7 33. h4
Rfe7 34. Rf3 Kf7 35. Ref1 Re4 36. h5 Kg8 37. Qh3 Bc8 38. Qh2 Be6 39. Rg3 Bf7
40. Qh3 Kh8 41. Qd7 R4e7 42. Qxb5 Rxe3 43. Rxe3 Rxe3 44. Qb8+ Re8 45. Qxa7 Bxh5
46. Nxd5 Qg5 47. Nf4 Bh6 48. Qd7 Rg8 49. Qh3 Bg4 50. Qh2 Kh7 51. a4 Ra8 52. g3
Re8 53. Qf2 Qf5 54. Re1 Rxe1+ 55. Qxe1 Bxf4 56. Qe7+ Kh6 57. gxf4 Qxf4 58. Qf8+
Kg5 59. Qg8+ Kh4 60. Qh7+ Kg3 61. Qh2+ Kf3 62. Qg2+ Ke3 63. a5 Qf3 64. a6 Qxg2+
65. Kxg2 Bf3+ 66. Kf1 f5 67. a7 f4 0-1

[Event "Superettan(SS 4 Springare-Vaxjo)"]
[Site "?"]
[Date "2022.10.15"]
[Round "2"]
[White "Fransson, Patrick"]
[Black "Horta, Hector"]
[Result "0-1"]
[WhiteElo "2147"]
[BlackElo "1858"]
[PlyCount "42"]
[SourceVersionDate "2022.11.02"]

1. d4 g6 2. Bg5 Bg7 3. e3 c5 4. c3 cxd4 5. exd4 Qb6 6. Qc2 d6 7. Bd3 Be6 8. Ne2
Qa5 9. Bd2 Qd8 10. O-O Nf6 11. c4 Qc8 12. Re1 Bd7 13. Bc3 d5 14. c5 Nc6 15. b4
a6 16. a4 Nh5 17. Nd2 Qb8 18. Rab1 Nf4 19. Nxf4 Qxf4 20. Nb3 Nxd4 21. Re3 Nxc2
0-1

[Event "Superettan(Orebro-Upsala)"]
[Site "?"]
[Date "2022.10.15"]
[Round "2"]
[White "Ivraeus, Love"]
[Black "Johansson, Jan"]
[Result "0-1"]
[WhiteElo "2030"]
[BlackElo "2307"]
[PlyCount "98"]
[EventDate "2022.??.??"]
[SourceVersionDate "2022.11.01"]

1. d4 Nf6 2. Nf3 e6 3. g3 d5 4. Bg2 c5 5. O-O Nc6 6. b3 cxd4 7. Nxd4 Bc5 8. Bb2
Bd7 9. c4 O-O 10. cxd5 Nxd5 11. Nxc6 Bxc6 12. Nc3 Nxc3 13. Bxc3 Qb6 14. Bxc6
Qxc6 15. Rc1 Rfd8 16. Qc2 Ba3 17. Bb2 Qxc2 18. Rxc2 Bxb2 19. Rxb2 Rac8 20. e4
g5 21. g4 Rd4 22. Re1 Kg7 23. Re3 Rc1+ 24. Kg2 Rdd1 25. Rbe2 Rg1+ 26. Kh3 Rgd1
27. Kg2 Kg6 28. e5 Rg1+ 29. Kh3 h5 30. Rg3 Rc3 31. gxh5+ Kxh5 32. Re4 Rgxg3+
33. fxg3 Rc2 34. g4+ Kg6 35. Ra4 a6 36. Rb4 b5 37. a4 Rc5 38. axb5 axb5 39. Kg3
Rxe5 40. Kf3 f5 41. h4 gxh4 42. gxf5+ Rxf5+ 43. Kg4 Kf6 44. Kxh4 Ke7 45. Kg4
Kd6 46. Rd4+ Rd5 47. Re4 Re5 48. Rf4 Kd5 49. Kg3 Re3+ 0-1